Centuries by Religious Event Quiz Stats

Quiz Updated Jan 24, 2015

Challenge
Share
Tweet
Embed
Score 0/10 Timer 02:00
2 Plays Today
% Correct
1st century
91.4%
19th century
76.1%
20th century
74.2%
16th century
68.9%
7th century
62.4%
15th century
61.2%
6th century
59.3%
4th century
56.6%
11th century
56.5%
9th century
46.1%

You're not logged in!

Compare scores with friends on all Sporcle quizzes.
Sign Up with Email
OR
Log In

You Might Also Like...

Show Comments

Extras

Top Quizzes Today


Score Distribution

Your Account Isn't Verified!

In order to create a playlist on Sporcle, you need to verify the email address you used during registration. Go to your Sporcle Settings to finish the process.